000
00301nam a22001337a 4500
008
181218b xxu||||| |||| 00| 0 eng d
020
_a
9780323044899
041
_a
eng
080
_a
615
100
_a
5
101
_a
SHF
245
_a
Pharmacology and the Nursing Process
_c
Lilley
942
_2
udc
_c
BK
999
_c
53464
_d
53464